|
|
|
|
| LEADER |
00000nam a22000007a 4500 |
| 003 |
cru CRAI/IIS |
| 005 |
20210226085547.0 |
| 008 |
210226n cr |||p|r|||| 00| |spa|d |
| 999 |
|
|
|c 43616
|d 43616
|
| 040 |
|
|
|c cru CRAI/IIS
|
| 090 |
|
|
|a REV0108
|
| 110 |
2 |
|
|9 9621
|a Banco Central de Costa Rica
|
| 245 |
1 |
|
|a Boletín Estadístico /
|c Banco Central de Costa Rica
|
| 260 |
|
|
|a San José, Costa Rica:
|b El Banco,
|
| 270 |
|
|
|a Ave. Central y 1º, calles 2 y 4, apdo. 1058-1000
|
| 500 |
|
|
|a EXISTENCIAS PPS (s):1974 (289-294, 297-300) 1975 (301-311) 1976 (313-318) 1977 (319-324) 1978 (325-330) 1979-1980 (331-334, 336, 338-342) 1981-1986 (343-360) 1987 (361-364) 1989 (369-372) 1990-1991 (373-380) 1992 (381-384) PERIODICIDAD PPS (s):Trimestral, antes era mensual
|
| 650 |
|
0 |
|9 124
|a DATOS ESTADISTICOS
|
| 650 |
|
4 |
|9 3803
|a RESERVAS MONETARIAS
|
| 650 |
|
0 |
|9 931
|a INVERSIONES
|
| 650 |
|
0 |
|9 2171
|a SISTEMAS MONETARIOS
|
| 651 |
|
0 |
|9 32
|a COSTA RICA
|
| 942 |
|
|
|2 ddc
|c PP
|